Time-saver standards for landscape architecture : (Record no. 352139)

000 -LEADER
fixed length control field 01454 a2200325 4500
003 - CONTROL NUMBER IDENTIFIER
control field OSt
005 - DATE AND TIME OF LATEST TRANSACTION
control field 20180116192324.0
008 - FIXED-LENGTH DATA ELEMENTS--GENERAL INFORMATION
fixed length control field 120208t xxu||||| |||| 00| 0 eng d
010 ## - LIBRARY OF CONGRESS CONTROL NUMBER
LC control number 97031842
020 ## - INTERNATIONAL STANDARD BOOK NUMBER
International Standard Book Number 0070170274
040 ## - CATALOGING SOURCE
Transcribing agency 0
082 00 - DEWEY DECIMAL CLASSIFICATION NUMBER
Classification number 712.0218
245 00 - TITLE STATEMENT
Title Time-saver standards for landscape architecture :
Remainder of title design and construction data /
Statement of responsibility, etc. co-editors, Charles W. Harris, Nicholas T. Dines ; assistant editor, Kyle D. Brown.
250 ## - EDITION STATEMENT
Edition statement 2nd ed.
260 ## - PUBLICATION, DISTRIBUTION, ETC.
Place of publication, distribution, etc. New York :
Name of publisher, distributor, etc. McGraw-Hill,
Date of publication, distribution, etc. 1998.
300 ## - PHYSICAL DESCRIPTION
Extent 1 v. (various pagings) :
Other physical details ill. ;
Dimensions 29 cm.
650 #0 - SUBJECT ADDED ENTRY--TOPICAL TERM
Topical term or geographic name entry element Landscape architecture
General subdivision Standards
-- Handbooks, manuals, etc.
9 (RLIN) 5868
650 #0 - SUBJECT ADDED ENTRY--TOPICAL TERM
Topical term or geographic name entry element Construction industry
General subdivision Standards
-- Handbooks, manuals, etc.
9 (RLIN) 5869
650 #0 - SUBJECT ADDED ENTRY--TOPICAL TERM
Topical term or geographic name entry element Landscape architecture
General subdivision Handbooks, manuals, etc.
9 (RLIN) 5870
650 #0 - SUBJECT ADDED ENTRY--TOPICAL TERM
Topical term or geographic name entry element Building
General subdivision Handbooks, manuals, etc.
9 (RLIN) 5871
700 1# - ADDED ENTRY--PERSONAL NAME
Personal name Harris, Charles W.
9 (RLIN) 5872
700 1# - ADDED ENTRY--PERSONAL NAME
Personal name Dines, Nicholas T.
9 (RLIN) 5873
700 1# - ADDED ENTRY--PERSONAL NAME
Personal name Brown, Kyle D.
9 (RLIN) 5874
856 42 - ELECTRONIC LOCATION AND ACCESS
Materials specified Contributor biographical information
Uniform Resource Identifier <a href="http://www.loc.gov/catdir/bios/mh041/97031842.html">http://www.loc.gov/catdir/bios/mh041/97031842.html</a>
856 42 - ELECTRONIC LOCATION AND ACCESS
Materials specified Publisher description
Uniform Resource Identifier <a href="http://www.loc.gov/catdir/description/mh023/97031842.html">http://www.loc.gov/catdir/description/mh023/97031842.html</a>
856 42 - ELECTRONIC LOCATION AND ACCESS
Materials specified Table of contents
Uniform Resource Identifier <a href="http://www.loc.gov/catdir/toc/mh022/97031842.html">http://www.loc.gov/catdir/toc/mh022/97031842.html</a>
942 ## - ADDED ENTRY ELEMENTS (KOHA)
Institution code [OBSOLETE] SADA
Koha item type Book
Call number prefix REF 712.0218 TIM 1998
Source of classification or shelving scheme
Holdings
Withdrawn status Lost status Source of classification or shelving scheme Damaged status Not for loan Permanent Location Current Location Date acquired Total Checkouts Total Renewals Full call number Barcode Date last seen Date last checked out Copy number Cost, replacement price Price effective from Koha item type
          School of Art Design and Architecture (SADA) School of Art Design and Architecture (SADA) 08/30/2010 8 1 712.0218 TIM 1998 SADA0000061 11/10/2015 11/10/2015 03 0.00 08/05/2011 Book
          School of Art Design and Architecture (SADA) School of Art Design and Architecture (SADA) 08/30/2010 9 4 712.0218 TIM 1998 SADA0000060 08/03/2015 07/10/2015 02 0.00 08/05/2011 Book
          School of Art Design and Architecture (SADA) School of Art Design and Architecture (SADA) 06/11/2010 2   REF 712.0218 TIM 1998 SADA0000021 03/13/2012 03/08/2012 01 12415.22 08/05/2011 Reference
© 2023 Central Library, National University of Sciences and Technology. All Rights Reserved.